Представление документа в формате MARC21

ПолеНазваниеЗначение
  Тип записи a
  Библиографический уровень m
001 Контрольный номер BIBLIOCLUB\0000721388
005 Дата корректировки 20260430154905.3
006 m o d
007 Элементы данных для физической характеристики c|||||||||||||
008 Кодируемые данные s2024 rus o rus d
020 Индекс ISBN __
a ISBN 978-5-00172-640-1
041 Код языка издания 0_
a Код языка текста rus
084 Индекс другой классификации/Индекс ББК __
a Индекс другой классификации/Индекс ББК 16.2я73
b Номер единицы LBC/PL
2 Источник индекса rubbk
245 Заглавие 10
a Заглавие Информационные технологии в профессиональной деятельности: для студентов бакалавриата, обучающихся по направлению подготовки: «Бизнес-информатика»
b Продолж. заглавия практикум
c Ответственность А. Л. Дзюбенко, Л. А. Ежова, В. В. Лосева, О. В. Рябова
c Ответственность Финансовый университет при Правительстве Российской Федерации
260 Выходные данные __
a Место издания Москва
b Издательство Прометей
c Дата издания 2024
300 Физическое описание __
a Объем 438 с.
b Иллюстрации/ тип воспроизводства ил., табл.
504 Библиография __
a Библиография Библиогр.: с. 373-376.
653 Ключевые слова 1_
a Ключевые слова Учебник для высшей школы
700 Другие авторы _1
a Другие авторы Дзюбенко А. Л.
700 Другие авторы _1
a Другие авторы Ежова Л. А.
700 Другие авторы _1
a Другие авторы Лосева В. В.
700 Другие авторы _1
a Другие авторы Рябова О. В.
856 Электронный адрес документа 40
3 Область применения данных поля Университетская библиотека ONLINE
u URL https://biblioclub.ru/index.php?page=book&id=721388
900 Электронные ресурсы __
a Имя электронного ресурса https://img.biblioclub.ru/sm_cover/69740625ddc09f5c43acddc59f98db9f6oukc510ae/cover.jpg